Języki na Duolingo dostępne dla mówiących po Polsku - Statystyki

Ogólne statystyki
  • Ten quiz został rozwiązany 16 razy
  • Średni wynik to 8 z 9
Statystyki odpowiedzi
Hint Odpowiedź % Poprawnych
🇺🇸 Angielski
100%
🇫🇷 Francuski
100%
🇪🇸 Hiszpański
100%
🇯🇵 Japoński
100%
🇩🇪 Niemiecki
100%
🇮🇹 Włoski
100%
🇨🇳 Chiński
94%
🇰🇷 Koreański
75%
🇧🇷 Portugalski
75%
Nie znaleziono quizów pasujących do podanych kryteriów
Rozkład punktacji
Procent ludzi z każdym wynikiem
Percentyl według liczby udzielonych odpowiedzi
Twoja historia wyników
Nie rozwiązałeś tego quizu